1870 1783 1938 1815 1625 1288 1322 1668 1954 1167 1634 1258 1172 1946 1347 1210 1653 1071 1191 1645 1318 1968 1869 1642 1748 1499 1653 1965 1716 1751 1052 1280 1954 1296 1237 1962 1873 1195 1564 1565 1646 1694 1821 1123 1567 1600 1836 1325 1231 1934 1562 1023 1825 1176 1055 1700 1805 2000 1051 1161 1997 1238 1642 1621 1185 1342 1450 1181 1584 1662 1098 1339 1756 1528 1461 1425 1451 1290 1226 1967 1466 1157 1674 1190 1696 1896 1214 1698 1574 1777 1916 1493 1865 1459 1696 1502 1734 1077 1999 BCNSPRNW ULIB Ver.6.0+V

เปลี่ยนเป็นภาษาไทย

Change to English
 แสดงรายละเอียดบรรณานุกรม
  กลับหน้าหลัก

Brief Record : Get Marc (ISO 2709) : E-mail record : QR code < ปิดหน้าต่าง
LEADER : 00000nam 2200000uu 4500
001    13399111402
003     ULIB
008    110623s||||||||th 000 0 tha d
020    9747236715
050  4 BQ1652.E5^bช724ค 2545
100 0  เชอเกียม ตรุงปะ รินโปเช
245 10 คำภีร์มรณศาสตร์แห่งธิเบต /^cเชอเกียม ตรุงปะ รินโปเช
250    พิมพ์ครั้งที่ 4
260    กรุงเทพฯ :^bมูลนิธิโกมลคีมทอง,^c2545
300    139 หน้า :^bภาพประกอบ
650  7 มรณศาสตร์
650  7 ธิเบต
945    ^p125^l0^i026698
995    ทศพร
999 ^a ใช้งานได้ทุกระบบ
รายการนี้ยังไม่มีแท็ก
คุณยังไม่ได้ล็อกอิน คุณสามารถมีกิจกรรมร่วมกับเว็บไซต์ได้ แต่ต้องล็อกอินก่อน ::
  ล็อกอิน

รายการสื่อสารสนเทศ

ลำดับที่ ประเภท เลขเรียก/บาร์โค้ด สถานที่ สถานะ
- ไม่พบข้อมูล -

รายการใกล้เคียง
    หัวเรื่อง [ธิเบต]

BibComment


ยังไม่เคยถูกคอมเมนท์

คอมเมนท์ทรัพยากรรายการนี้
  คอมเมนท์: คำภีร์มรณศาสตร์แห..


 Copyright 2026. Bcnsprnw @Library